Online Catalogue and eLibrary

The Chinese Revolution and us : (Record no. 2744)

MARC details
000 -LEADER
fixed length control field 00247nam a2200097Ia 4500
008 - FIXED-LENGTH DATA ELEMENTS--GENERAL INFORMATION
fixed length control field 240331s9999 xx 000 0 und d
082 ## - DDC Classification
Item Number - Author Mark CHI
100 ## - MAIN ENTRY--PERSONAL NAME
Personal name Logo. ed
245 #4 - TITLE STATEMENT
Title The Chinese Revolution and us :
Remainder of title Logos-Vol.14,No.2, June 1975
942 ## - Koha item type (Biblio)
Koha item type Books in Stacks (Lending)
Holdings
Lost status Damaged status Collection code Home library Current library Shelving location Date acquired Full call number Accession Number Item type
    Lending WERC Library WERC Library Social Science Cupboard 03/31/2024 335 CHI 779 Books in Stacks (Lending)

© WERC Library